| 000 | 00836 a2200229 4500 | ||
|---|---|---|---|
| 001 | 54246 | ||
| 005 | 20260407155813.0 | ||
| 008 | 260407a1961 arg spa d | ||
| 003 | AR-UNSa-BCEJYS | ||
| 040 |
_aAR-UNSa-BCEJYS _bspa _cAR-UNSa-BCEJYS |
||
| 080 |
_a330.8 _xHistoria de las teorías, Doctrinas, Dogmas económicos (pensamiento económico) |
||
| 245 | 1 | 0 | _aHistoria de las doctrinas económicas |
| 264 | 1 |
_aMadrid : _bAguilar _c1961 |
|
| 300 |
_a643 p. _c22 cm. |
||
| 505 | _a1. Edad antigua y edad media - 2. El mercantilismo - 3. La fisiocracia - 4. La escuela liberal - 5. el socialismo en los siglos XIX y XX - 6. Escuelas realistas | ||
| 041 | _aspa | ||
| 942 | _cBK | ||
| 590 | _aniveau_biblio:m niveau_hierar:0 | ||
| 100 | 1 | _aGonnard, René | |
| 700 | 1 | _aCampo Moreno, J. | |
| 700 | 1 | _aRodríguez Mellado, Inocencia | |
| 999 |
_c5417 _d5417 |
||